Bioštatistika

Bibliographic Details
Main Author: Obtulovič, Peter, 1954- (Author)
Format: Book
Language:Slovak
PhysicalDescription:131 strán grafy, tabuľky 23 cm
Published: Nitra Slovenská poľnohospodárska univerzita 2004
ISBN:808069432X
Edition:3. nezm. vyd.
Subjects:

MARC

LEADER 00000cam a2200000 a 4500
001 vtls001488946
003 SK-MaSNL
005 20260301074214.0
008 220107s2004 xo d frnp 000 0 slo
015 |a SNBA2005/08-03050 
020 |a 808069432X  |q (brožované) 
035 |a urn:nbn:sk:snk-am00g6al 
035 |a urn:nbn:sk:snk-am3iyby 
035 |a 395B8F67-D994-4847-A080-2EA47FE9EDB5 
040 |a SNK  |b slo  |c SNK  |e AACR2 
041 0 |a slo 
044 |a xo  |c SK 
072 7 |a 57  |x Všeobecná biológia  |2 konspekt 
072 7 |a 37.016  |x Učebné osnovy. Vyučovacie predmety. Učebnice  |2 konspekt 
080 |a (075.8)  |2 1997 
080 |a 57.087.1  |2 1997 
100 1 |a Obtulovič, Peter,  |d 1954-  |4 aut  |9 7969 
245 1 0 |a Bioštatistika  |c Peter Obtulovič 
250 |a 3. nezm. vyd. 
260 |a Nitra  |b Slovenská poľnohospodárska univerzita  |c 2004 
300 |a 131 strán  |b grafy, tabuľky  |c 23 cm 
366 |e 100 kusov 
504 |a Bibliografia na strane 117 
650 0 7 |a biometrika  |2 SNKPH  |9 68160 
655 7 |a učebnice vysokých škôl  |2 SNKPH  |9 70191 
919 |a 80-8069-432-X 
958 |a TL 
958 |a NB 
958 |a UV 
958 |a OND 
999 |c 646539  |d 648469 
952 |a SNK  |b SNK  |y VYP  |7 0  |p 17A0455472  |o snkSC 118524 D1  |i snk2005/356  |8 0  |0 0  |1 0  |4 0  |d 2005-01-17  |l 0  |r 2026-02-23 18:10:02  |w 2026-02-23 
952 |a SNK  |b SNK  |y PREZ  |7 0  |p 17A0455473  |o snkSC 118524  |i snk2005/355  |8 0  |0 0  |1 0  |4 0  |d 2005-01-17  |f 1  |l 0  |r 2025-10-07 00:00:00  |w 2026-02-23